LEADER 01233nas 2200433- 450 001 996321367503316 005 20211118213022.0 011 $a2353-950X 035 $a(OCoLC)858010414 035 $a(CKB)3280000000022646 035 $a(CONSER)--2016234295 035 $a(MiAaPQ)2035152 035 $a(DE-599)ZDB2707155-8 035 $a(EXLCZ)993280000000022646 100 $a20130708a20109999 --- - 101 0 $apol 135 $aur|n||||||||| 181 $ctxt$2rdacontent 182 $cc$2rdamedia 183 $acr$2rdacarrier 200 00$aHoryzonty polityki 210 1$aKrakow, Poland :$cAkademia Ignatianum w Krakowie. 215 $a1 online resource 300 $aRefereed/Peer-reviewed 311 $a2082-5897 517 1 $aHorizons of politics 517 1 $aHP 606 $aPolitical science$zPoland$vPeriodicals 606 $aPolitical science$2fast$3(OCoLC)fst01069781 607 $aPoland$2fast 608 $aElectronic journals. 608 $aPeriodicals.$2fast 615 0$aPolitical science 615 7$aPolitical science. 712 02$aAkademia Ignatianum w Krakowie, 906 $aJOURNAL 912 $a996321367503316 996 $aHoryzonty polityki$92137361 997 $aUNISA LEADER 01146nam a2200313Ii 4500 001 991002578729707536 008 140902s2012 enka b 001 0 eng d 020 $a9780199566440 (pbk.) 020 $a9780199566433 (hbk.) 035 $ab14197704-39ule_inst 040 $aBibl. Dip.le Aggr. Matematica e Fisica - Sez. Matematica$beng 082 0 $a514.742$223 084 $aAMS 28A80 084 $aAMS 37-01 084 $aLC QA614.86.F45 100 1 $aFeldman, David P.$0275401 245 10$aChaos and fractals :$ban elementary introduction /$cDavid P. Feldman 250 $a1st ed. 260 $aOxford :$bOxford University Press,$cc2012 300 $axxi, 408 p. :$bill. ;$c25 cm 504 $aIncludes bibliographical references (p. [397]-402) and index 650 0$aFractals 650 0$aChaotic behavior in systems 907 $a.b14197704$b18-09-14$c02-09-14 912 $a991002578729707536 945 $aLE013 28A FEL11 (2012)$g1$i2013000224435$lle013$op$pE36.04$q-$rl$s- $t0$u2$v0$w2$x0$y.i15633160$z18-09-14 996 $aChaos and fractals$9257830 997 $aUNISALENTO 998 $ale013$b02-09-14$cm$da $e $feng$genk$h0$i0